000 00445nam a2200181Ia 4500
001 4632
005 20260306145810.0
008 260306t1999||||xx |||||||||||||| ||spa||
041 _aESP
082 _a327.98505
_bM29
100 _aMaúrtua de Romaña, Oscar
_eAUT
245 0 _aUna visión latinoamericana del Asia-Pacífico texto impreso
260 _c1999
300 _a
_c
650 _aGEN
654 _aCHU
942 _cLIB
_dJUS
_fJUS
_2ddc
_n
999 _c4632
_d4632